| 000 | 01857cam a2200433 i 4500 | ||
|---|---|---|---|
| 001 | 768714001 | ||
| 003 | CO-MdFUSB | ||
| 005 | 20240416170228.0 | ||
| 007 | ta | ||
| 007 | cr aa uaaaa | ||
| 008 | 160601t2001 sp abcdf |||| 00| | spa d | ||
| 020 |
_a84-8267-273-1 _qimpreso |
||
| 020 |
_a9788482676043 _qelectrónico |
||
| 040 |
_aCO-MdFUSB _bEspañol _cCO-MdFUSB _dCO-MdFUSB _erda |
||
| 041 | 0 | _aspa | |
| 082 | 0 | 4 |
_223 _aR 230.03 _bL151d |
| 100 | 1 |
_aLacueva, Francisco (Lafarga) _eautor |
|
| 245 | 0 | 0 |
_aDiccionario teológico ilustrado _c / Francisco Lacueva ; Ilustrado, revisado y ampliado por Alonso Ropero. _h[Físico y electrónico] |
| 264 | 1 |
_aBarcelona, España _b : CLIE, _c[2001-2008] |
|
| 264 | 4 | _c© 2001-2008 | |
| 300 |
_a620 páginas _c; 22 cm |
||
| 336 |
_2rdacontent _atexto _btxt |
||
| 337 |
_2rdamedia _asin mediación _bn |
||
| 337 |
_2rdamedia _ainformático _bc |
||
| 338 |
_2rdacarrier _avolumen _bnc |
||
| 338 |
_2rdacarrier _aremoto _bcr |
||
| 505 | _aDiccionario teológico | ||
| 506 | _aPréstamo en biblioteca del libro físico | ||
| 506 | _aSolicitar clave y usuario para acceder al libro electrónico | ||
| 520 | _aFruto del prestigio y experiencia como teólogo de F. Lacueva y del estilo impecable de A. Ropero, este exhaustivo diccionario de términos y conceptos teológicos se enriquece con numerosas ilustraciones de personajes y lugares citados. | ||
| 563 | _aTapa dura | ||
| 653 |
_aTeología _aDiccionarios |
||
| 700 | 1 |
_91287 _aRopero, Alfonso _eeditor |
|
| 856 |
_b1681860 _uhttps://web.p.ebscohost.com/ehost/detail/detail?vid=28&sid=f515e641-face-4d34-a4fc-915c33aac769%40redis&bdata=Jmxhbmc9ZXMmc2l0ZT1laG9zdC1saXZl#AN=1681860&db=nlebk _zAbrir Versión electrónica del libro AQUÍ |
||
| 942 | _cREF | ||
| 945 | _aMag 1104 | ||
| 999 |
_c31743 _d31743 |
||